Las instituciones militares venezolanas del período hispánico en los archivos: índice sistemático documental
Saved in:
| Format: | Bog |
|---|---|
| Sprog: | spansk |
| Udgivet: |
Caracas
Fuentes para la Historia Colonial de Venezuela
1969
|
| Serier: | Biblioteca de la Academia Nacional de la Historia, 92
|
| Fag: | |
| Tags: |
Tilføj Tag
Ingen Tags, Vær først til at tagge denne postø!
|
MARC
| LEADER | 00000nam a2200000 a 4500 | ||
|---|---|---|---|
| 001 | UCS9662 | ||
| 003 | CL-VaPUC | ||
| 008 | 971121e19690000VE |||||||||||||||||spa|d | ||
| 082 | 0 | 4 | |a 987.03 |b INS |2 21 |
| 245 | 1 | 4 | |a Las instituciones militares venezolanas del período hispánico en los archivos: índice sistemático documental |
| 300 | |a 633 p | ||
| 942 | |c BK | ||
| 945 | |d 19971121 00:00:00 |a cmena | ||
| 260 | |a Caracas |b Fuentes para la Historia Colonial de Venezuela |c 1969 | ||
| 650 | 0 | |a Historia venezolana |9 393448 | |
| 650 | 0 | |a Fuerzas Armadas |9 255504 | |
| 650 | 7 | |a CEDULARIO INDIANO |2 CL-VaPUC |9 394925 | |
| 650 | 0 | |a Derecho Indiano |9 256266 | |
| 650 | 0 | |a Derecho civil |9 255013 | |
| 650 | 7 | |a ORDENANZAS DE INDIAS |2 CL-VaPUC |9 394926 | |
| 650 | 0 | |a Transporte marítimo |9 260127 | |
| 650 | 0 | |a Delitos |9 224143 | |
| 651 | 0 | |a Venezuela |9 254993 | |
| 583 | |a last modification |c 19971121 00:00:00 |k Rodrigo Vera | ||
| 490 | 0 | |a Biblioteca de la Academia Nacional de la Historia, 92 | |
| 999 | |c 263423 |d 263421 | ||
| 952 | |0 0 |1 0 |4 0 |6 987_030000000000000_INS_1969 |7 0 |8 DER_HDC |9 292744 |a BIBDER |b BIBDER |d 2019-11-19 |i 1904450 |o 987.03 INS 1969 |p 1904450 |r 2023-01-25 |w 2019-11-19 |x Ubicación 4to Piso |y BK |z Estos recursos deben solicitarse con anticipación |k DER | ||